000 00709nam a2200241Ia 4500
003 OSt
005 20220918174046.0
006 a|||||r|||| 00| 0
007 ta
008 220917b |||||||| |||| 00| 0 eng d
024 _a10,238
037 _cTextual
040 _aARTS
_cARTS
_beng
041 _2eng
_aeng
082 _aQ7:332y7, K4-;1 (TTO)
100 _aNasr Seyyed Hossein
245 0 _aThree Muslim sages
_b avicenna-suhrawardi-Ibn 'Arabi
260 _aCambridge
_bHarward University Press UK
_c1964
490 _aHarvard studies in world religions
650 _aRELIGION
942 _hQ7:332y7, K4-;1 (TTO)
_cTEXL
_2CC
999 _c151612
_d151612